Music Quiz

Random Music or Lyrics Quiz

Missing Lyrics Quiz Stats

Quiz not verified by Sporcle

Challenge
Share
Tweet
Embed
Score 0/10 Timer 07:00
0 Plays Today
Unfinished Lyrics Missing Lyrics % Correct
Take me down to the paradise city....' '.....' ' (Be sure to add the next two lines)where the grass is green and the girls are pretty
75%
This could be heaven or...this could be hell
67.3%
Tonights the night..Lets live it up...I got my money....lets spend it up
50%
Tumble out of bed and stumble to the kitchen.....pour myself a cup of ambition
34.6%
Picture yourself.....on a boat on a river
23.1%
She loves to laugh...she loves to sing....she does everything
13.5%
You got me ringin'....hells bells
13.5%
Try and sell me on an old dream....a new version of the old scene
7.7%
God bless us everyone were a.....broken people living under loaded gun
5.8%
Big Bad Bill is.....sweet william now
3.8%

You're not logged in!

Compare scores with friends on all Sporcle quizzes.
Join for Free
OR
Log In

You Might Also Like...

Show Comments

Extras

Top Quizzes Today


Score Distribution

Your Account Isn't Verified!

In order to create a playlist on Sporcle, you need to verify the email address you used during registration. Go to your Sporcle Settings to finish the process.

Report this User

Report this user for behavior that violates our Community Guidelines.

Details: